Aging and loss : mourning and maturity in contemporary Japan /

Bibliographic Details
Main Author: Danely, Jason
Format: Book
Language:English
Published: New Brunswick : Rutgers University Press, 2014.
Series:Global perspectives on aging series
Subjects:
Classic Catalogue: View this record in Classic Catalogue
LEADER 01853nam a2200409 i 4500
001 45804
003 BD-DhAAL
005 20260519145706.0
008 140728s2014 njuab b 001 0 eng
010 |a  2014014273 
020 |a 9780813565170 
020 |a 9780813565163 
020 |z 9780813565187 (e-book) 
035 |a 18244980 
040 |a DLC  |b eng  |c DLC  |e rda  |d DLC  |d BD-DhAAL 
042 |a pcc 
043 |a a-ja--- 
050 0 0 |a HQ1064.J3  |b D352 2014 
082 0 0 |a 305.260952  |2 23 
100 1 |a Danely, Jason.  |9 60887 
245 1 0 |a Aging and loss :  |b mourning and maturity in contemporary Japan /  |c Jason Danely. 
246 3 |a Aging and loss 
260 |a New Brunswick :  |b Rutgers University Press,  |c 2014. 
300 |a xi, 229 pages :  |b illustrations, maps ;  |c 23 cm 
490 1 |a Global perspectives on aging series 
504 |a Includes bibliographical references (pages 201- 222) and index. 
526 8 |a AAL 
541 1 |a Donated by Embassy of Japan in Bangladesh, Read Japan Project 2025, The Tokyo Foundation, supported by The Nippon Foundation.  |e 45804 
650 0 |a Aging  |z Japan.  |9 60888 
650 0 |a Older people  |z Japan.  |9 60889 
650 0 |a Death  |x Social aspects.  |9 31056 
650 0 |a Mourning customs  |z Japan.  |9 60890 
830 0 |a Global perspectives on aging series  |9 60891 
852 1 |a Ayesha Abed Library  |c General Stacks 
942 |2 ddc  |c BK 
999 |c 47990  |d 47990 
952 |0 0  |1 0  |2 ddc  |4 0  |6 305_260952000000000_DAN  |7 0  |9 79237  |a BRACUL  |b BRACUL  |d 2026-05-19  |e Donated by Embassy of Japan in Bangladesh, Read Japan Project 2025, The Tokyo Foundation, supported by The Nippon Foundation.  |l 0  |o 305.260952 DAN  |p 3010045804  |r 2026-05-19  |t 1  |w 2026-05-19  |y BK  |x Donated copy received from Embassy of Japan in Bangladesh, Read Japan Project 2025, The Tokyo Foundation, supported by The Nippon Foundation on 08 April 2026; $19.13 Amazon.com